Nemecko-slovenský slovník.

Uložené v:
Podrobná bibliografia
Hlavný autor: Sandany, Artúr
Médium: Kniha
Jazyk:Slovak
Vydané: 1966.
Fyzický popis: 689 s.
Tagy: Pridať tag
Žiadne tagy, Buďte prvý kto otaguje tento záznam!

MARC

LEADER 00000nam a22000004a 4500
001 000574921
005 20180315070901.0
008 180315s1966 xo e 000 0 slo d
040 |a SVKKK  |b slo  |c SVKKK  |e AACR2 
100 1 |a Sandany, Artúr 
245 1 0 |a Nemecko-slovenský slovník. 
260 |c 1966. 
300 |a 689 s. 
500 |a Záznam revízie 
910 |a svkkk 
998 |a BK 
090 |g SCKHL  |k Sklad Hlavná 10 suterén  |a I.31291  |j 385533  |i 2720543128  |s Vyradená